<?xml version="1.0" encoding="UTF-8"?>
<record
    xmlns:xsi="http://www.w3.org/2001/XMLSchema-instance"
    xsi:schemaLocation="http://www.loc.gov/MARC21/slim http://www.loc.gov/standards/marcxml/schema/MARC21slim.xsd"
    xmlns="http://www.loc.gov/MARC21/slim">

  <leader>01515nam a2200265 i 4500</leader>
  <controlfield tag="001">53877</controlfield>
  <controlfield tag="003">ES-MaACL</controlfield>
  <controlfield tag="005">20251003063101.0</controlfield>
  <controlfield tag="007">t|</controlfield>
  <controlfield tag="008">931025m18511855sp a         ||||1| spa d</controlfield>
  <datafield tag="100" ind1="1" ind2=" ">
    <subfield code="a">Fern&#xE1;ndez de Oviedo, Gonzalo, </subfield>
    <subfield code="d">1478-1557</subfield>
    <subfield code="9">49702</subfield>
  </datafield>
  <datafield tag="245" ind1="1" ind2="0">
    <subfield code="a">Historia general y natural de las Indias, islas y tierra firme del mar oc&#xE9;ano / </subfield>
    <subfield code="c">por el capit&#xE1;n Gonzalo Fern&#xE1;ndez de Oviedo y Vald&#xE9;s ; publ&#xED;cala la Real Academia de la Historia, cotejada con el c&#xF3;dice original, enriquecida con las enmiendas y adiciones del autor, e ilustrada con la vida y el juicio de las obras del mismo por D. Jos&#xE9; Amador de los R&#xED;os.</subfield>
  </datafield>
  <datafield tag="260" ind1=" " ind2=" ">
    <subfield code="a">Madrid : </subfield>
    <subfield code="b">[s.n.], </subfield>
    <subfield code="c">1851-1855 (</subfield>
    <subfield code="f">Imp. de la Real Academia de la Historia)</subfield>
  </datafield>
  <datafield tag="300" ind1=" " ind2=" ">
    <subfield code="a">4 v. : </subfield>
    <subfield code="b">il. ; </subfield>
    <subfield code="c">32 cm.</subfield>
  </datafield>
  <datafield tag="530" ind1=" " ind2=" ">
    <subfield code="a">Disponible en formato digital.</subfield>
  </datafield>
  <datafield tag="650" ind1=" " ind2="4">
    <subfield code="a">Indios de Am&#xE9;rica-</subfield>
    <subfield code="v">Obras anteriores a 1800.</subfield>
    <subfield code="9">157570</subfield>
  </datafield>
  <datafield tag="650" ind1=" " ind2="4">
    <subfield code="a">Naturaleza-</subfield>
    <subfield code="z">Am&#xE9;rica-</subfield>
    <subfield code="v">Obras anteriores a 1800.</subfield>
    <subfield code="9">174391</subfield>
  </datafield>
  <datafield tag="651" ind1=" " ind2="4">
    <subfield code="a">Am&#xE9;rica espa&#xF1;ola-</subfield>
    <subfield code="x">Historia-</subfield>
    <subfield code="y">1492-1600 (Descubrimiento y conquista)</subfield>
    <subfield code="9">7724</subfield>
  </datafield>
  <datafield tag="700" ind1="1" ind2=" ">
    <subfield code="a">Amador de los R&#xED;os, Jos&#xE9;,</subfield>
    <subfield code="d">1818-1878</subfield>
    <subfield code="9">21088</subfield>
  </datafield>
  <datafield tag="710" ind1="2" ind2=" ">
    <subfield code="a">Real Academia de la Historia (Espa&#xF1;a)</subfield>
    <subfield code="9">6309</subfield>
  </datafield>
  <datafield tag="852" ind1="4" ind2=" ">
    <subfield code="a">ES-MaACL</subfield>
    <subfield code="j">B-6513-16</subfield>
  </datafield>
  <datafield tag="856" ind1="4" ind2=" ">
    <subfield code="u">https://bibliotecavirtualmadrid.comunidad.madrid/bvmadrid_publicacion/es/consulta/registro.do?id=3766</subfield>
    <subfield code="z">Biblioteca Digital de Madrid</subfield>
  </datafield>
  <datafield tag="856" ind1="4" ind2=" ">
    <subfield code="u">https://bibliotecadigital.aecid.es/bibliodig/es/consulta/registro.do?id=728</subfield>
    <subfield code="z">Biblioteca Digital AECID</subfield>
  </datafield>
  <datafield tag="999" ind1=" " ind2=" ">
    <subfield code="c">53877</subfield>
    <subfield code="d">53877</subfield>
  </datafield>
  <datafield tag="952" ind1=" " ind2=" ">
    <subfield code="0">0</subfield>
    <subfield code="1">0</subfield>
    <subfield code="4">0</subfield>
    <subfield code="7">0</subfield>
    <subfield code="8">Colecci&#xF3;n_digital</subfield>
    <subfield code="a">ATENEOM</subfield>
    <subfield code="b">ATENEOM</subfield>
    <subfield code="c">SPB</subfield>
    <subfield code="d">2008-01-17</subfield>
    <subfield code="e">SC</subfield>
    <subfield code="l">0</subfield>
    <subfield code="o">B-6513-16</subfield>
    <subfield code="p">1056620</subfield>
    <subfield code="r">2023-02-23 00:00:00</subfield>
    <subfield code="w">2023-02-23</subfield>
    <subfield code="y">MONANT</subfield>
  </datafield>
</record>
